[Event "88th UKR-ch 2019"]
[Site "Lutsk"]
[Date "2019.12.12"]
[Round "3.5"]
[White "Bernadskiy, Vitaliy"]
[Black "Eljanov, Pavel"]
[Result "1/2-1/2"]
[WhiteElo "2593"]
[BlackElo "2663"]
[Annotator "TA"]
[PlyCount "34"]
[EventDate "2019.12.10"]
[EventType "tourn"]
[EventCountry "UKR"]
[SourceTitle "playchess.com"]
[Source "ChessBase"]
[SourceQuality "1"]

{[%evp 17,32,0,0,0,0,0,0,0,12,14,20,18,13,0,8,-4,7]} 1. e4 e5 2. Nf3 Nc6 3. Nc3 Nf6 4. d4 exd4 5. Nxd4 Bb4 6. Nxc6 bxc6 7. Bd3 d5 8. exd5 cxd5 9. O-O O-O {The position is equal.} 10. h3 {C47: Scotch Four Knights and Four Knights with 4 g3} (10. Bg5 c6 11. Qf3 Bd6 12. Rae1 Rb8 13. Nd1 h6 14. Bxf6 Qxf6 15. Qxf6 gxf6 16. b3 f5 17. Ne3 f4 18. Nf5 Bxf5 19. Bxf5 Kg7 20. g3 Kf6 21. Bd3 {½-½ (30) Movsesian,S (2654)-Ding,L (2811) Khanty-Mansiysk 2019}) 10... c6 11. Qf3 Bd6 12. Bf4 Rb8 13. b3 Qc7 14. Bxd6 Qxd6 15. Rfe1 Bd7 16. Ne2 Rfe8 {[#]} {Predecessor:} 17. Ng3 $146 Re5 {½-½ (70) Abdusattorov,N (2546)-Bindrich,F (2606) St Petersburg 2018} 1/2-1/2

[Event "88th UKR-ch 2019"]
[Site "Lutsk"]
[Date "2019.12.13"]
[Round "4.1"]
[White "Volokitin, Andrei"]
[Black "Eljanov, Pavel"]
[Result "1-0"]
[WhiteElo "2641"]
[BlackElo "2663"]
[Annotator "TA"]
[PlyCount "113"]
[EventDate "2019.12.10"]
[EventType "tourn"]
[EventCountry "UKR"]
[SourceTitle "playchess.com"]
[Source "ChessBase"]
[SourceQuality "1"]

{[%evp 22,113,29,13,26,25,27,31,37,46,14,31,31,0,0,0,44,37,34,25,39,43,43,37,38,37,42,34,43,32,32,27,27,27,37,46,51,34,169,166,145,22,34,31,356,355,293,321,264,204,621,591,597,614,614,604,598,591,505,0,0,0,0,0,85,144,85,8,8,8,8,8,737,685,1856,1552,29974,29973,29975,29976,29979,29979,29978,29979,29981,29982,29982,29983,29983,29984,29984,29985,29985,29986]} 1. e4 c5 2. Nf3 e6 3. d4 cxd4 4. Nxd4 Nf6 5. Nc3 Nc6 6. Nxc6 bxc6 7. e5 Nd5 8. Ne4 Qc7 9. f4 Qb6 10. c4 Bb4+ 11. Ke2 f5 12. exf6 Nxf6 {B45: Sicilian Four Knights} 13. Be3 Qd8 14. Nd6+ Bxd6 {White is slightly better.} 15. Qxd6 Bb7 (15... Qe7 16. Bc5 Qf7 17. Ke3 g5 18. Be2 g4 19. Rac1 h5 20. Rc3 Qg7 21. Bd3 Kf7 22. Kd2 Re8 23. Re1 Qh6 24. Kc2 a5 25. Re5 Nh7 26. Rf5+ Kg8 27. Qe5 {1-0 (27) Vidit,S (2718)-Krasenkow,M (2671) Wijk aan Zee 2018}) 16. Rd1 Rc8 17. Rg1 c5 18. g4 ({Avoid the trap} 18. Bxc5 $2 Ne4 $19) 18... Qc7 (18... Rc6 $5 {[%cal Rc6d6]} 19. Qe5 O-O $14) 19. g5 Ne4 $146 ({Predecessor:} 19... Qxd6 20. Rxd6 Ng8 21. Bh3 Ne7 22. Rgd1 {½-½ (22) Ivanov,B (2427)-Gromotka,H (2492) ICCF email 2011}) 20. Qe5 d6 21. Qxe6+ Kd8 $1 22. g6 Re8 23. gxh7 Rxe6 24. h8=Q+ {[%mdl 64] Double Attack} Re8 25. Qxg7 {Bh3 is the strong threat.} Qb6 {Strongly threatening ...Rc7.} 26. Rg6 Rc7 27. Rgxd6+ $1 {[%mdl 64] Deflection, Decoy} Nxd6 28. Qf6+ {[%mdl 64] Double Attack} Kc8 {And now ...Rxe3+! would win.} 29. Rxd6 Qb4 (29... Rc6 $14 30. Rxc6+ Bxc6) 30. Bh3+ $18 Kb8 {( -> ...Rxe3+!)} 31. Be6 (31. Rd8+ $16 Rxd8 32. Qxd8+ Bc8 33. b3) 31... Bc8 $1 $11 32. b3 Qa3 $2 {[%mdl 8192]} (32... Qb7 $1 $14 33. Bd5 Qb4) 33. f5 $18 Qxa2+ 34. Rd2 Qb1 {White should prevent ...Qe4.} 35. Rd8 Qc2+ $2 {[#]} (35... Rxd8 36. Qxd8 Qe4) 36. Kf3 $1 Rxd8 37. Qxd8 {White wants to mate with Bxc8.} Qxb3 38. f6 Rc6 39. Bxc8 Rxc8 {[%mdl 4096] Endgame KQR-KQB} 40. Qd5 $2 ({White should play} 40. Qd6+ $18 Ka8 41. Qd5+ Qb7 42. Kg4) 40... Re8 $1 $11 41. Qd6+ {[#]} Kc8 $1 42. Qxc5+ Kd8 (42... Kd7 $1 $11 {keeps the balance.}) 43. Qd4+ $16 ({Of course not} 43. Qxa7 $6 Qd1+ 44. Kg3 Qd6+ 45. Bf4 Rg8+ 46. Kf3 Qd1+ 47. Ke4 Re8+ 48. Kf5 Qb1+ 49. Kg5 Rg8+ 50. Kh4 Qe1+ 51. Kh5 Rh8+ 52. Kg5 Qh4+ 53. Kf5 Qh5+ 54. Ke4 Qe2+ 55. Kf5 Rh5+ 56. Bg5 Qd3+ 57. Kg4 Qh3+ 58. Kf4 Qxh2+ 59. Kf5 Qc2+ {[%mdl 64] Double Attack} 60. Kg4 Qe2+ 61. Kf5 Qd3+ 62. Kg4 Qh3+ 63. Kf4 Qf1+ 64. Kg4 Qh3+ 65. Kf4 Qh2+ 66. Kg4 Qe2+ 67. Kf5 Qd3+ 68. Kg4 Qh3+ $11) 43... Kc8 44. h4 (44. Kf4 $16 Qb7 45. Qd5 Qc7+ 46. Kf3) 44... Qb7+ $1 $11 45. Qd5 Qxd5+ $1 46. cxd5 {KR-KB} Rf8 $2 {[%mdl 8192]} (46... Kd7 $11) 47. Bd4 $18 Kd7 48. Kf4 Ke8 49. Ke5 {White mates.} Kf7 {[#]} 50. d6 $1 {[%cal Rd6d7]} Re8+ 51. Kd5 Rd8 52. h5 a5 53. h6 a4 54. h7 a3 55. Kc6 Rc8+ 56. Kb7 Rh8 57. d7 {Accuracy: White = 83%, Black = 49%.} 1-0

[Event "88th UKR-ch 2019"]
[Site "Lutsk"]
[Date "2019.12.13"]
[Round "4.2"]
[White "Kryvoruchko, Yuriy"]
[Black "Bernadskiy, Vitaliy"]
[Result "1-0"]
[WhiteElo "2675"]
[BlackElo "2593"]
[Annotator "TA"]
[PlyCount "103"]
[EventDate "2019.12.10"]
[EventType "tourn"]
[EventCountry "UKR"]
[SourceTitle "playchess.com"]
[Source "ChessBase"]
[SourceQuality "1"]

{[%evp 9,103,41,47,39,29,26,43,34,75,60,58,46,63,72,93,74,80,93,199,215,231,232,234,230,233,232,220,238,231,206,275,207,215,201,225,201,216,174,221,223,214,201,149,145,184,176,179,175,185,180,212,175,328,331,339,333,574,530,669,658,643,600,29989,29966,4798,2497,29972,29970,29958,11205,3137,748,704,688,651,447,679,669,677,662,619,614,969,806,1316,1279,881,588,2193,2167,29976,29976,29980,29981,29987,29981]} 1. e4 c5 2. Nf3 Nc6 3. Bb5 e5 4. O-O Bd6 5. c3 Nge7 (5... a6 6. Bxc6 dxc6 7. d4 exd4 8. cxd4 Bg4 9. e5 Bc7 10. dxc5 Qxd1 11. Rxd1 Bxf3 12. gxf3 Bxe5 {½-½ (31) Giri,A (2797)-Rapport,R (2726) Shenzhen 2019}) 6. d4 {B30: Sicilian: 2...Nc6 3 Bb5, lines without ...g6} cxd4 7. cxd4 exd4 8. Nxd4 {White is slightly better.} Qc7 9. Nf3 a6 $146 ({Predecessor:} 9... Ne5 10. Nxe5 Bxe5 11. f4 Qc5+ {0-1 (65) Meszaros,L (2119)-Jirasek,P (2306) Hradec Kralove 2014}) 10. Be2 O-O 11. Nc3 Ne5 12. g3 b5 13. Bg5 {aiming for Nxe5.} f6 (13... h6 $16) 14. Nxe5 $18 Bxe5 15. Nd5 Nxd5 16. Qxd5+ {[%mdl 64] Double Attack} Kh8 {...Bb7 is the strong threat.} 17. Bxf6 Bxf6 18. Qxa8 Bxb2 19. Rad1 {[%cal Ba1d1,Bd1d3,Bd3f3,Bf3f7][%mdl 32]} Ba3 20. Qd5 d6 21. Rd3 Bc5 22. Rf3 {[%cal Rf3f8]} Re8 23. Bd3 g6 24. Rf7 Qd8 {[#] Black wants to play ...Be6.} 25. Qc6 $1 Be6 26. Rc7 Bxa2 27. Kg2 $40 {[%mdl 128] Black is in trouble.} Rf8 28. f4 (28. Qxa6 Qxc7 29. Qxa2 b4 $11) 28... Bg8 29. Rc1 Qf6 30. Qxa6 Qb2+ $2 (30... g5 {was worth a try.} 31. R7xc5 (31. Qxb5 gxf4 32. gxf4 Be3 $16) 31... dxc5 32. Qxf6+ (32. Qxb5 gxf4 33. Qxc5 fxg3 $11) 32... Rxf6) 31. Rc2 Qd4 32. Qxb5 Qg1+ $2 (32... Qe3 33. R7xc5 dxc5 34. Qxc5 Qxc5 35. Rxc5 Rd8) 33. Kh3 Be6+ 34. f5 $1 {[%cal Rf5e6]} gxf5 35. exf5 Rf6 36. Qe8+ (36. fxe6 {gets mated.} Rh6+ 37. Kg4 Qd4+ 38. Kf3 Rf6+ 39. Ke2 Rf2+ 40. Kd1 Rf1+ 41. Kd2 Qe3+ 42. Kc3 Qe5+ 43. Kb3 Rb1+ 44. Ka4 Qa1+ 45. Ra2 Qxa2#) 36... Bg8 37. Qh5 {Qg5 would kill now.} Qd4 38. Re2 d5 {[#]} 39. Re8 $1 {[%csl Gh5][%cal Rc7h7]} Bf8 40. Rxf8 (40. Qe2 $142 h5 41. Rcc8 Qg4+ 42. Qxg4 hxg4+ 43. Kxg4) 40... Rxf8 {[#]} 41. Qh6 $1 Qf6 42. Qxf6+ Rxf6 {[%mdl 4096] Endgame KRB-KRB} 43. Kg4 Rh6 44. h3 Rb6 45. Kf4 Rb4+ 46. Ke3 Rb6 47. g4 h6 48. Rd7 Rf6 49. h4 Rb6 50. g5 {White mates.} hxg5 51. hxg5 Rb8 52. g6 {Accuracy: White = 87%, Black = 40%.} 1-0

[Event "88th UKR-ch 2019"]
[Site "Lutsk"]
[Date "2019.12.13"]
[Round "4.4"]
[White "Shtembuliak, Evgeny"]
[Black "Moiseenko, Alexander"]
[Result "1-0"]
[WhiteElo "2600"]
[BlackElo "2623"]
[Annotator "TA"]
[PlyCount "129"]
[EventDate "2019.12.10"]
[EventType "tourn"]
[EventCountry "UKR"]
[SourceTitle "playchess.com"]
[Source "ChessBase"]
[SourceQuality "1"]

{[%evp 12,129,57,70,60,56,64,59,72,59,68,66,78,68,65,62,87,60,66,64,64,52,64,64,64,51,52,56,64,64,73,79,79,79,79,79,79,60,61,60,68,60,60,60,60,60,64,67,136,136,136,135,143,143,172,173,182,182,182,189,173,173,178,189,191,183,205,205,185,174,230,239,225,218,441,452,462,452,525,502,528,518,556,461,648,637,6414,5844,2332,1373,12836,12835,12836,12835,12836,12836,12837,12837,12837,12838,12838,12839,12839,12839,12840,12840,12841,12841,12841,12842,12842,12843,12843,12843,12845,12846,12845,12846,12846,12847]} 1. c4 c5 2. Nf3 Nc6 3. Nc3 g6 4. e3 Bg7 5. d4 d6 6. d5 Na5 7. e4 Nf6 {A35: Symmetrical English: 2 Nc3 Nc6 3 Nf3} 8. h3 O-O 9. Bd3 e5 {White is slightly better.} 10. Bg5 h6 11. Bd2 b6 $146 ({Predecessor:} 11... a6 12. O-O Bd7 13. Re1 Rb8 14. Rb1 b6 15. b3 {1-0 (52) Vidarte Morales,A (2423)-Moranda,W (2579) Warsaw 2009}) 12. Qc1 Kh7 13. g4 Ng8 14. Rg1 a6 15. b3 Bd7 16. Qc2 Rb8 17. Ne2 Qf6 18. Rg3 Qd8 19. Rb1 b5 20. Rg1 bxc4 21. bxc4 {[#] Black must now prevent Rxb8.} Rxb1+ 22. Qxb1 Qc7 23. Qb2 Nb7 24. Ng3 Rb8 25. Ke2 Nd8 26. Qa3 Qc8 27. Rb1 Rxb1 28. Bxb1 Qb7 29. Bc2 f6 (29... Bc8 $14) 30. Ba4 $16 Bc8 31. Qb3 Qxb3 32. axb3 ({Don't play} 32. Bxb3 $6 Nf7 $14) 32... Nb7 33. Bc6 Ne7 34. Bxb7 Bxb7 35. Ba5 Bf8 36. Bc7 Ng8 37. h4 Bc8 {[#]} 38. Nh2 $1 h5 39. gxh5 gxh5 40. f4 exf4 (40... Bd7 {keeps fighting.} 41. Kf3 Kg6 42. f5+ Kh6) 41. Nxh5 $18 Nh6 42. Nxf4 Nf7 $2 (42... Be7 43. Nf1 Bg4+ 44. Kd3 Kg8) 43. Ne6 {White is clearly winning.} Be7 44. Ng4 Kg6 {Black hopes to continue with ...f5.} 45. Ne3 {Nf5 is the strong threat.} Nh6 46. Kf3 f5 47. h5+ Kf6 (47... Kxh5 $142 48. Nxf5 Nxf5) 48. exf5 Nxf5 49. Nxf5 Kxf5 50. Bd8 Bxe6 51. Bxe7 {[%mdl 4096] Endgame KB-KB} Bf7 52. h6 Bh5+ 53. Ke3 Kg6 54. Kd2 Kxh6 55. Bxd6 Kg6 56. Bxc5 Kf5 57. Kd3 Ke5 58. Bd4+ Kd6 59. Bb6 Bd1 60. b4 Bb3 61. Kd4 Ba4 62. Ba5 Be8 63. c5+ {[%cal Bc4c5,Bc5c6][%mdl 32]} Kd7 64. Ke5 Ke7 65. c6 {Accuracy: White = 88%, Black = 49%.} 1-0

[Event "88th UKR-ch 2019"]
[Site "Lutsk"]
[Date "2019.12.13"]
[Round "4.5"]
[White "Kovchan, Alexander"]
[Black "Kuzubov, Yuriy"]
[Result "1/2-1/2"]
[WhiteElo "2572"]
[BlackElo "2667"]
[Annotator "TA"]
[PlyCount "176"]
[EventDate "2019.12.10"]
[EventType "tourn"]
[EventCountry "UKR"]
[SourceTitle "playchess.com"]
[Source "ChessBase"]
[SourceQuality "1"]

{[%evp 10,176,15,11,15,0,0,2,-5,0,0,0,0,-6,0,-7,0,-6,12,0,0,0,0,0,0,0,0,0,0,0,13,22,17,20,16,0,21,-5,0,-12,-12,-9,-19,-11,-12,-12,-6,-57,-64,-75,-68,-75,-75,-75,-75,-75,-75,-75,-75,-96,-75,-75,-62,-75,-75,-75,-30,-75,-8,-8,-8,-8,-8,-8,-8,-8,-8,-8,-8,-8,-8,-8,-8,-8,-8,-8,-8,-8,-8,-8,-8,-8,-8,-43,-8,-8,-8,-43,-8,-8,-8,-8,-8,-18,0,0,0,0,0,0,0,-8,-8,-8,-8,-8,-8,-8,-8,-8,-8,-8,-8,-8,0,0,0,-8,-8,-8,-8,-8,-8,-8,-8,-8,-8,-8,0,0,0,-8,-8,-8,-8,-8,-8,-5,0,0,0,0,0,0,0,-8,-8,-8,-8,-8,-8,-8,-8,-8,-8,-8,-8,-8,-8]} 1. Nf3 d5 2. d4 Nf6 3. g3 Bg4 4. Bg2 e6 5. O-O Nbd7 6. Nbd2 Be7 {D02: 1 d4 d5 2 Nf3 sidelines, including 2...Nf6 3 g3 and 2...Nf6 3 Bf4} 7. Re1 O-O 8. e4 c5 9. exd5 Nxd5 10. Nc4 Rc8 $146 ({Predecessor:} 10... Qc7 11. Ne3 Nxe3 12. Bxe3 Rfd8 13. Qe2 Bf6 14. Rad1 {0-1 (29) Schebler,G (2480)-Gustafsson,J (2572) Hoeckendorf 2004}) 11. c3 cxd4 12. Qxd4 {[%mdl 64] [#] Double Attack} Bxf3 13. Bxf3 Bf6 14. Qd3 N5b6 15. Ne3 {[%cal Bc4e3,Be3g4,Bg4e5][%mdl 32]} Ne5 16. Qe4 Nxf3+ 17. Qxf3 Qc7 18. Ng4 Be7 19. Be3 Qc6 (19... Rfd8 {keeps more tension.} 20. Bd4 Nc4 21. Rad1 b6 22. Qe2 Na5) 20. Qxc6 bxc6 21. Rad1 c5 22. Ne5 Rc7 23. Bf4 Rfc8 24. b3 f6 25. Nc4 e5 26. Be3 Nxc4 27. bxc4 Rb7 28. f4 (28. Re2 $11) 28... exf4 $1 $15 29. Bxf4 {[#]} Rc6 $1 30. Rb1 Rxb1 31. Rxb1 $17 {[%mdl 4096] Endgame KRB-KRB} Ra6 32. Rb7 Kf8 33. Bb8 Rxa2 34. Rxa7 Rxa7 (34... Re2 {is interesting.} 35. Ra5 Re4 36. Ra4 g5 37. Kf2 f5) 35. Bxa7 {KB-KB} Bd6 36. Kg2 f5 37. h3 Ke7 38. Bb6 g5 ({Black should play} 38... h5 $17) 39. g4 $1 $11 f4 40. Kf3 Kd7 41. Ke4 Kc8 42. Kd3 Be7 43. Kd2 Kb7 44. Ba5 Kc6 45. Kd3 Bf6 46. Kd2 h6 47. Kd3 Kd6 48. Bb6 Be5 49. Bd8 Ke6 50. Bb6 Bd6 51. Ke4 Kf6 52. Bd8+ Kf7 (52... Be7 $5 {[%cal Re7d8]} 53. Bb6 Ke6 $15) 53. Ba5 Be7 54. Bb6 {The position is equal.} Kg6 55. Kd3 h5 56. Ke4 h4 57. Kd3 Kf6 58. Ke4 Ke6 59. Bc7 Kd7 60. Be5 Kc6 61. Kd3 Kb6 62. Kc2 Ka5 63. Bc7+ Ka4 64. Be5 Ka3 65. Bc7 Ka2 66. Be5 Ka1 67. Kc1 $1 Ka2 68. Kc2 f3 69. Kd3 Kb3 (69... f2 $5 70. Ke2 $8 Kb3 $11) 70. Ke3 Kxc4 71. Kxf3 Kd3 72. Kf2 c4 73. Bd4 Bd6 74. Be3 Be7 75. Bd4 Bd8 76. Kf3 Ba5 77. Bf6 Bxc3 78. Bxg5 Be5 79. Bxh4 {aiming for g5.} c3 80. Bg5 c2 81. Bc1 {And now g5 would win.} Bc3 82. g5 {g6 is the strong threat.} Bd2 83. g6 $132 {[%mdl 2048] Black must now prevent g7. White has counterplay} Bxc1 84. g7 Bb2 85. g8=Q {Hoping for Qb3+.} c1=Q {( -> ...Qf1+)} 86. Qg6+ Kc3 87. Qc6+ Kb3 88. Qxc1 Bxc1 {Accuracy: White = 77%, Black = 65%.} 1/2-1/2

[Event "88th UKR-ch 2019"]
[Site "Lutsk"]
[Date "2019.12.14"]
[Round "5.1"]
[White "Kuzubov, Yuriy"]
[Black "Volokitin, Andrei"]
[Result "0-1"]
[WhiteElo "2667"]
[BlackElo "2641"]
[Annotator "TA"]
[PlyCount "152"]
[EventDate "2019.12.10"]
[EventType "tourn"]
[EventCountry "UKR"]
[SourceTitle "playchess.com"]
[Source "ChessBase"]
[SourceQuality "1"]

{[%evp 9,151,0,8,0,6,0,0,0,0,-12,-3,-12,-21,-18,-29,-25,-25,-21,-21,-22,-14,-47,-45,-36,-41,-31,-33,-34,-34,-110,-96,-108,-98,-108,-85,-100,-89,-159,-154,-160,-159,-239,-245,-375,-293,-595,-526,-877,-821,-987,-427,-448,-406,-396,-395,-352,-275,-250,-207,-237,-74,-74,-74,-75,-75,-75,0,-74,-74,-75,-74,-72,-75,-72,-72,-72,-72,-71,-72,-72,-60,-60,-60,-60,-60,-60,-60,-60,-32,-68,-68,-68,-68,-68,-68,-68,-67,-140,-70,-140,-140,-140,-140,-140,-140,-203,-140,-140,-140,-140,-140,-140,-140,-140,-140,-140,-140,-140,-140,-140,-140,-140,-140,-140,-140,-140,-140,-203,-203,-521,-365,-4614,-4584,-4022,-3917,-2611,-2087,-2101,-1676,-12796,-4937,-4918,-1220,-29999]} 1. d4 Nf6 2. c4 e6 3. Nc3 Bb4 4. e3 O-O 5. Nge2 c6 (5... d5 6. a3 Bd6 7. c5 Be7 8. Ng3 c6 9. Bd2 b6 10. b4 Nbd7 11. Be2 a5 12. O-O Ba6 13. Qc2 Qc7 14. h3 Ra7 15. Rab1 axb4 16. axb4 {½-½ (57) Yu,Y (2736)-Grischuk,A (2766) Riga 2019}) 6. a3 {E46: Nimzo-Indian: Rubinstein: 4 e3 0-0 5 Ne2 without early Bd3} Ba5 7. b4 Bc7 8. e4 {The position is equal.} d5 9. e5 Nfd7 10. cxd5 exd5 11. f4 Qe7 12. Qc2 $146 ({Predecessor:} 12. g3 f6 13. Bg2 fxe5 14. dxe5 Nxe5 15. fxe5 Bxe5 {0-1 (38) Garcia Palermo,C (2429)-El Debs,F (2530) Caioba 2019}) 12... Bb6 $1 13. Na4 f6 14. Nxb6 axb6 15. Bb2 b5 16. Ng3 fxe5 17. fxe5 Nb6 18. Bd3 Qh4 19. O-O-O (19. Rf1 $15 Rxf1+ 20. Kxf1 Qxh2 21. Kf2) 19... Bg4 20. Rdf1 Na6 {[%cal Bb8a6,Ba6c7,Bc7e6][%mdl 32]} 21. Kb1 Nc4 22. Bc1 Nc7 23. Qc3 (23. h3 $142 Rxf1 24. Rxf1) 23... g6 $1 $17 24. Bc2 Rxf1 {[%mdl 64] Overworked Piece} 25. Rxf1 (25. Nxf1 $17 {was called for.} Qf2 26. Ne3) 25... Qxh2 $19 26. Qe1 (26. Qd3 {is a better defense.} Qxg2 27. Rf4) 26... Ne6 27. Rf6 $2 (27. Rf2) 27... Qxg2 28. Bxg6 hxg6 29. Rxg6+ Kf7 (29... Ng7 $142 30. Rxg4 Nxa3+ 31. Bxa3 Rxa3) 30. Rxg4 Rxa3 {[%csl Ga3][%cal Rg2a2]} 31. Qe2 Rb3+ ({Less strong is} 31... Rxg3 32. Qxg2 Rxg2 33. Rxg2 $15) 32. Ka2 Qxe2+ ({Not} 32... Rxg3 33. Qxg2 Rxg2+ 34. Rxg2 $15) 33. Nxe2 Rxb4 34. Rh4 Kg7 $2 (34... Na5 $19 {has better winning chances.} 35. Bd2 Ra4+ 36. Kb1 b6) 35. Ng3 $17 Ra4+ 36. Kb1 Na3+ 37. Kb2 Nc4+ 38. Kb1 $1 c5 39. Nf5+ Kf7 {Strongly threatening ...Nxd4.} 40. Rh6 {Hoping for Rf6+.} Nxd4 41. Nxd4 cxd4 {[%mdl 4096] Endgame KRB-KRN} 42. e6+ Kg7 $1 {aiming for ...Rb4+.} 43. e7 Ra8 $1 {Threatens to win with ...d3.} 44. Rh5 Re8 {And now ...Ne3 would win.} (44... Kf6 {with more complications.} 45. Rxd5 Kxe7 46. Rxb5 Ke6 47. Rxb7 Kd5) 45. Rxd5 Rxe7 46. Rxd4 Kf6 47. Rd5 Re5 48. Rd7 Na5 49. Bd2 Ke6 50. Rh7 Nc4 51. Bc3 Re3 52. Kc2 b6 53. Rh6+ {[#]} (53. Kb3 $15) 53... Kd5 ({Better is} 53... Kd7 $1 $17 54. Kb3 Kc7) 54. Rh5+ (54. Bb4 $1 $15) 54... Kc6 55. Rh6+ {[#]} Kb7 $1 56. Rh8 Rg3 57. Bb4 (57. Kb3 $17) 57... Ne3+ 58. Kb2 Nd5 59. Rh7+ Ka6 60. Rh4 Rf3 61. Rd4 Ne3 62. Rh4 Nc4+ 63. Kc2 Rf7 64. Kb3 Na5+ 65. Kb2 Rf2+ 66. Kc3 Rf6 67. Kb2 Rc6 68. Be1 (68. Ka3 $17) 68... Rc4 $19 69. Rh5 $2 (69. Rxc4 {was the crucial defense.} bxc4 70. Kc3) 69... Re4 70. Bc3 $2 (70. Bxa5 bxa5 71. Rh6+ Kb7 72. Kb3) 70... b4 71. Bf6 Re2+ 72. Kc1 Nc4 73. Rh3 Kb5 74. Bg7 Ka4 75. Rh4 Kb3 (75... b5 $142 76. Kd1 Rg2) 76. Bf8 Re1# {Accuracy: White = 54%, Black = 75%.} 0-1

[Event "88th UKR-ch 2019"]
[Site "Lutsk"]
[Date "2019.12.14"]
[Round "5.2"]
[White "Moiseenko, Alexander"]
[Black "Kovchan, Alexander"]
[Result "1/2-1/2"]
[WhiteElo "2623"]
[BlackElo "2572"]
[Annotator "TA"]
[PlyCount "43"]
[EventDate "2019.12.10"]
[EventType "tourn"]
[EventCountry "UKR"]
[SourceTitle "playchess.com"]
[Source "ChessBase"]
[SourceQuality "1"]

{[%evp 12,43,45,13,11,8,4,3,33,3,15,11,31,0,0,0,0,0,18,0,24,-6,-6,-17,-19,-26,-24,-28,-7,-66,0,0,0,-29]} 1. d4 Nf6 2. c4 g6 3. Nc3 d5 4. cxd5 Nxd5 5. e4 Nxc3 6. bxc3 Bg7 7. Qa4+ Qd7 {D85: Exchange Grünfeld: Unusual White 7th moves and lines with 7 Nf3} 8. Bb5 c6 9. Bd3 b6 $146 ({Predecessor:} 9... O-O 10. Nf3 c5 11. Qxd7 Bxd7 12. Rb1 b6 13. Be3 cxd4 14. cxd4 Nc6 15. O-O {½-½ (86) Vidit,S (2703)-Maghsoodloo,P (2656) Biel 2019}) 10. Nf3 Bb7 11. O-O c5 12. Bb5 (12. Qa3 {with more complications.} O-O 13. Rd1 e6 14. Rb1 cxd4 15. cxd4 Rc8 16. Be3) 12... Bc6 $1 {[%cal Rc6b5]} 13. Bxc6 Qxc6 14. Qb3 O-O 15. Bg5 e6 16. d5 c4 17. Qd1 Qd6 18. Qd2 Nd7 19. Bh6 Rac8 20. dxe6 (20. Bxg7 $11 Kxg7 21. Rfd1) 20... Qxe6 (20... Qxd2 $15 21. exf7+ Rxf7 22. Bxd2 Nc5) 21. Bxg7 $11 Kxg7 22. Qd4+ {Accuracy: White = 39%, Black = 56%.} 1/2-1/2

[Event "88th UKR-ch 2019"]
[Site "Lutsk"]
[Date "2019.12.14"]
[Round "5.3"]
[White "Vysochin, Spartak"]
[Black "Shtembuliak, Evgeny"]
[Result "1/2-1/2"]
[WhiteElo "2512"]
[BlackElo "2600"]
[Annotator "TA"]
[PlyCount "46"]
[EventDate "2019.12.10"]
[EventType "tourn"]
[EventCountry "UKR"]
[SourceTitle "playchess.com"]
[Source "ChessBase"]
[SourceQuality "1"]

{[%evp 11,46,6,30,11,16,5,9,0,0,0,0,0,0,0,6,0,2,-6,-8,-10,-14,-4,-16,-13,-6,-14,-20,-32,-38,-37,21,23,12,22,26,26,25]} 1. e4 g6 2. d4 Bg7 3. Nf3 d6 4. Bc4 Nf6 5. Qe2 O-O ({Predecessor:} 5... Bg4 6. O-O Nc6 7. Rd1 e5 8. c3 {½-½ (70) Gonzalez Perez,A (2466)-Movsziszian,K (2503) Sabadell 2013}) 6. O-O Bg4 7. Rd1 {B06: Modern Defence} Nc6 8. c3 e5 9. h3 {The position is equal.} Bxf3 10. Qxf3 exd4 11. cxd4 Nd7 12. Be3 Nb6 13. Bb3 Na5 {[%cal Bc6a5,Ba5c4,Bc4b2][%mdl 32]} 14. Bc2 $146 (14. Nc3 Nxb3 15. axb3 c6 16. d5 {½-½ (41) Vachier Lagrave,M (2779)-Nakamura,H (2777) Saint Louis 2018}) 14... Nac4 15. Bc1 c5 16. dxc5 Nxb2 17. Rxd6 {[%mdl 64] [#] Double Attack} Qc7 18. Nc3 N2c4 $1 {[%cal Rc4d6]} 19. Rd1 $1 Qxc5 {White must now prevent ...Rac8.} 20. Rb1 Rac8 ({Black should play} 20... Ne5 $15 21. Qe3 Rac8) 21. Na4 $1 $11 {[%cal Ra4c5]} Nxa4 22. Bxa4 Qa5 23. Bb3 b5 {Accuracy: White = 68%, Black = 82%.} 1/2-1/2